Олимпийские виды спорта - Армагеддон - Statistics

General Stats
  • This quiz has been taken 203 times
  • The average score is 6 of 20
Answers on the Grid
Answers color-coded by a green-red scale on the quiz's grid according to % correct below.
Рафтинг
Кёрлинг
Гандбол
Вольная борьба
Пауэрлифтинг
Сквош
Фризби
Пинг-понг
Бобслей
Дзюдо
Лякросс
Ушу
Крикет
Гольф
Поло
Гребной слалом
Фехтование
Альпинизм
Квадробика
Шорт-трек
Бадминтон
Крокет
Спортивное ориентирование
Плавание
Баскетбол
Карате
Акробатика
Лонгбординг
Киберспорт
Волейбол
Конкур
Планкинг
Хоббихорсинг
Аэробика
Акробатический рок-н-ролл
Чирлидинг
Тхэквондо
Шахматы
Брейк-данс
Сноуборд
 
Answer Stats
Answer % Correct
Кёрлинг
66%
Гандбол
53%
Вольная борьба
47%
Дзюдо
45%
Фехтование
43%
Бобслей
41%
Плавание
41%
Бадминтон
35%
Баскетбол
34%
Шорт-трек
30%
Пинг-понг
27%
Волейбол
26%
Сноуборд
20%
Гольф
15%
Гребной слалом
14%
Тхэквондо
14%
Крикет
13%
Сквош
6%
Конкур
6%
Лякросс
2%
No matching quizzes found
Score Distribution
Percent of People with Each Score
Percentile by Number Answered
Your Score History
You have not taken this quiz